Marne - mort subite - Statistiques

Statistiques générales
  • Ce quiz a été pris 17 fois
  • Le résultat moyen est 9 sur 18
Answers on the Grid
Answers color-coded by a green-red scale on the quiz's grid according to % correct below.
Soissons
Louvain
Mourmelon-le-Grand
Le lieu de naissance de Platini
Vitry-le-François
Kumbo
Le champ de bataille de la Seconde Bataille de la Marne
Tinqueux
Funabashi
Zlatooust
Reims
Le lieu de couronnement des rois de France
La zone principale de production du champagne
Épernay
Troyes
Domaine du Pegau
Un aéroport avec des vols réguliers
Guatire
Châlons-en-Champagne
Chone
La maison Bollinger
Le lieu de couronnement de Charlemagne
Le lieu du baptême de Clovis
Ceyhan
Le stade Auguste Delaune
Le site d'un record mondial de vitesse de train
La basilique Saint-Quentin
Un champ de bataille de la première bataille de la Marne
Saint-Dizier
Musée de la Reddition
Douvres-la-Délivrande
Bidart
La capitale de la province romaine de Belgica
Le Mont Sinaï
La Destrousse
Fontenay-le-Vicomte
 
Statistiques - réponses
Réponse % Correct
Épernay
93%
Reims
93%
Mourmelon-le-Grand
79%
La zone principale de production du champagne
71%
Reims Le lieu de couronnement des rois de France
71%
Châlons-en-Champagne
64%
Banlieue de Reims Tinqueux
64%
Le champ de bataille de la Seconde Bataille de la Marne
57%
Vitry-le-François
57%
Aÿ La maison Bollinger
50%
Un champ de bataille de la première bataille de la Marne
50%
Entre 496 et 508 Le lieu du baptême de Clovis
43%
Reims Le lieu de couronnement de Charlemagne
29%
Reims Le stade Auguste Delaune
29%
Reims La capitale de la province romaine de Belgica
14%
Le point le plus haut Le Mont Sinaï
14%
574.8 km/h, près du Chemin (2007) Le site d'un record mondial de vitesse de train
14%
Le site de signature de la reddition de l'Allemagne nazie, SHAEF (Quartier général suprême des forces expéditives alliées), Reims Musée de la Reddition
14%
Aucun quiz correspondant
Distribution des résultats
% des personnes avec chaque résultat
Percentile par nombre de réponses
Votre historique - résultats
Vous n’avez pas pris ce quiz